Catálogo - Centro de Recursos para el Aprendizaje y la Investigación

Volver al Sitio - CRAI Biblioteca

Mediación como una estrategia de resolución de conflictos en el centro educativo para el desarrollo de una cultura de paz : (Registro nro. 113783)

Detalles MARC
000 -CABECERA
campo de control de longitud fija 00926nam a22002417a 4500
001 - NÚMERO DE CONTROL
campo de control 113783
003 - IDENTIFICADOR DEL NÚMERO DE CONTROL
campo de control DR-UNIBE
005 - FECHA Y HORA DE LA ÚLTIMA TRANSACCIÓN
campo de control 20250701130754.0
008 - DATOS DE LONGITUD FIJA--INFORMACIÓN GENERAL
campo de control de longitud fija 250625b2018 dr ||||| |||| 00| 0 spa d
040 ## - FUENTE DE LA CATALOGACIÓN
Centro catalogador/agencia de origen BIBLIOTECA UNIBE
Lengua de catalogación spa
Centro/agencia transcriptor BIBLIOTECA UNIBE
Normas de descripción rda
041 ## - CÓDIGO DE LENGUA
Código de lengua del texto/banda sonora o título independiente spa
082 ## - NÚMERO DE LA CLASIFICACIÓN DECIMAL DEWEY
Número de clasificación F-RD 5976
245 00 - MENCIÓN DE TÍTULO
Título Mediación como una estrategia de resolución de conflictos en el centro educativo para el desarrollo de una cultura de paz :
Resto del título guía de apoyo para estudiantes mediadores de pares
260 ## - PUBLICACIÓN, DISTRIBUCIÓN, ETC.
Lugar de publicación, distribución, etc. Santo Domingo :
Nombre del editor, distribuidor, etc. Fondo de las Naciones Unidas para la Infancia (UNICEF),
Fecha de publicación, distribución, etc. 2018
300 ## - DESCRIPCIÓN FÍSICA
Extensión 41 páginas
650 #7 - PUNTO DE ACCESO ADICIONAL DE MATERIA--TÉRMINO DE MATERIA
Término de materia o nombre geográfico como elemento de entrada Estudiantes
Subdivisión de forma Guías
9 (RLIN) 196853
653 ## - TÉRMINO DE INDIZACIÓN--NO CONTROLADO
Término no controlado Mediadores
653 ## - TÉRMINO DE INDIZACIÓN--NO CONTROLADO
Término no controlado Mediación entre iguales
700 1# - PUNTO DE ACCESO ADICIONAL--NOMBRE DE PERSONA
Nombre de persona Pérez Jiménez, Minerva R.
Término indicativo de función/relación coordinador
9 (RLIN) 15376
700 1# - PUNTO DE ACCESO ADICIONAL--NOMBRE DE PERSONA
Nombre de persona Gómez, Victor
Término indicativo de función/relación corrector
9 (RLIN) 196850
700 1# - PUNTO DE ACCESO ADICIONAL--NOMBRE DE PERSONA
Nombre de persona De Marchena Pujols, Carmen Rosa
Término indicativo de función/relación diseñador
9 (RLIN) 196851
942 ## - ELEMENTOS DE PUNTO DE ACCESO ADICIONAL (KOHA)
Fuente del sistema de clasificación o colocación Sistema de Clasificación Decimal Dewey
Tipo de ítem Koha Folleto
Existencias
Estado de retiro Estado de pérdida Fuente del sistema de clasificación o colocación Estado dañado No para préstamo Código de colección Localización permanente Fecha de adquisición Total de préstamos Signatura topográfica completa Código de barras Fecha visto por última vez Número de copia Precio válido a partir de Tipo de ítem Koha
  Disponible Sistema de Clasificación Decimal Dewey     Folletos - Dominicanos Biblioteca Central UNIBE 01/07/2025   F-RD 5976 F250103 01/07/2025 Ej. 1 01/07/2025 Folleto